Theory of Linear and Integer Pragramming
Enregistré dans:
| Auteur principal: | |
|---|---|
| Format: | Livre |
| Langue: | anglais |
| Publié: |
Chichester
Wiley
1986
|
| Édition: | 1. ed. |
| Tags: |
Pas de tags, Soyez le premier à ajouter un tag!
|
MARC
| LEADER | 00000nam a2200000 4500 | ||
|---|---|---|---|
| 001 | c033998 | ||
| 005 | 20221220073057.4 | ||
| 041 | 0 | |a eng | |
| 044 | |a US | ||
| 245 | 1 | 0 | |a Theory of Linear and Integer Pragramming |c Alexander Schijver |
| 250 | |a 1. ed. | ||
| 264 | 1 | |a Chichester |b Wiley |c 1986 | |
| 300 | |a 471 s. | ||
| 100 | 1 | |a Schijver, Alexander | |